Statistics for Největší města Jihomoravského kraje

Click here to take the quiz!

General Stats

  • This quiz has been taken 17 times
  • The average score is 6 of 11

Answer Stats

Hint Answer % Correct
CCA 550 000Brno
100%
CCA 45 000Znojmo
88%
CCA 50 000Hodonín
81%
CCA 40 000Břeclav
75%
CCA 35 000Blansko
75%
CCA 45 000Vyškov
75%
CCA 28 000Boskovice
50%
CCA 25 000Moravský Krumlov
25%
CCA 25 000Veselí nad Moravou
25%
CCA 30 000Ivančice
25%
CCA 30 000Rosice
25%

Score Distribution

Percentile by Number Answered

Percent of People with Each Score

Your Score History

You have not taken this quiz